| 000 | 05812nam a22012497a 4500 | ||
|---|---|---|---|
| 001 | 5046739 | ||
| 003 | LIBRIS | ||
| 005 | 20241031122741.0 | ||
| 008 | 011211s1972 xxka||||||||||000 0|eng|c | ||
| 020 |
_a0563122447 _qBBC |
||
| 020 |
_a0140216316 _qPenguin |
||
| 020 | _a0140135154 | ||
| 020 | _a9780140135152 | ||
| 040 |
_aLi _ea _beng _cDLC |
||
| 041 | _aeng | ||
| 080 |
_a7 _bB-45 |
||
| 082 | 0 | 4 |
_a759.94 _223/swe |
| 083 | 0 |
_a701.15 _223/swe |
|
| 084 |
_aIa:do _2kssb/5 |
||
| 084 |
_aDodb _2kssb/5 |
||
| 084 |
_aIaa _2kssb/6 |
||
| 084 |
_aDodbc _2kssb/6 |
||
| 084 |
_aIa:do _2kssb/5 |
||
| 084 |
_aDodb _2kssb/5 |
||
| 084 |
_aIaa _2kssb/6 |
||
| 084 |
_aDodbc _2kssb/6 |
||
| 084 |
_aIaa _2kssb/6 |
||
| 084 |
_aIaa _2kssb/6 |
||
| 084 |
_aDodbc _2kssb/6 |
||
| 100 |
_91123 _aBerger, John |
||
| 245 | 1 | 0 |
_aWays of seeing _bbased on the BBC television series with John Berger / _c/ by: British Broadcasting Corporation and Penguin books |
| 260 |
_aLondon _bBritish Broadcasting Corporation and Penguin books _c1972 |
||
| 300 |
_a166 p. _bill. |
||
| 365 | _b12.95 usd | ||
| 490 | 0 | _aA Pelican original | |
| 500 | _a�ven tryckt 1977 | ||
| 650 | 7 |
_aVisuell perception _0https://id.kb.se/term/sao/Visuell%20perception _2sao |
|
| 650 | 0 |
_aArt _9447 |
|
| 650 | 7 |
_aM�larkonst _0https://id.kb.se/term/sao/M%C3%A5larkonst _2sao |
|
| 650 | 0 | _aVisual perception | |
| 650 | 0 | _aPainting | |
| 653 | _aხელოვნება | ||
| 700 | 1 |
_aBerger, John, _d1926-2017 _4aut _0https://libris.kb.se/20dgg5wl3x3tnpb#it |
|
| 887 |
_a{"@id":"9slchj3m3cs2stp","modified":"2017-04-05T15:59:25+02:00","checksum":"76338618977"} _2librisxl |
||
| 887 |
_a{"@id":"jnvssp7p4503glz","modified":"2021-02-19T08:24:52.206+01:00","checksum":"104464262259"} _2librisxl |
||
| 887 |
_a{"@id":"x29hgbg34vvqk4f","modified":"2017-08-10T12:04:59+02:00","checksum":"96107269965"} _2librisxl |
||
| 887 |
_a{"@id":"lqwjwt3r0l836z6","modified":"2018-06-05T17:52:08.035+02:00","checksum":"103180982633"} _2librisxl |
||
| 887 |
_a{"@id":"mrxkxv4s315kx1t","modified":"2018-06-05T17:52:08.038+02:00","checksum":"118403666535"} _2librisxl |
||
| 887 |
_a{"@id":"fkrv9v5l2qs559n","modified":"2010-03-19T15:57:11+01:00","checksum":"106030963893"} _2librisxl |
||
| 887 |
_a{"@id":"ns198nwt16fx6wk","modified":"2017-08-17T13:35:47+02:00","checksum":"109740548579"} _2librisxl |
||
| 887 |
_a{"@id":"qv1qg9tw39v7x1s","modified":"2002-10-07T15:13:23+02:00","checksum":"102229845796"} _2librisxl |
||
| 887 |
_a{"@id":"pt0m0x6v2f7tg39","modified":"2018-06-05T17:52:08.042+02:00","checksum":"106410681195"} _2librisxl |
||
| 887 |
_a{"@id":"qv1n1z7w0n2w1nk","modified":"2014-05-13T11:56:56+02:00","checksum":"126252905705"} _2librisxl |
||
| 887 |
_a{"@id":"s54f6wfpq48kmgdc","modified":"2020-11-19T10:56:34.796+01:00","checksum":"135821210428"} _2librisxl |
||
| 887 |
_a{"@id":"8dl7whtf15txsqn","modified":"2014-04-10T14:46:11+02:00","checksum":"107557845521"} _2librisxl |
||
| 887 |
_a{"@id":"dpq2g3d3bzqbk0gc","modified":"2019-07-02T10:34:23.509+02:00","checksum":"105800168268"} _2librisxl |
||
| 887 |
_a{"@id":"lqxrq16r18shwnv","modified":"2006-10-06T14:29:18+02:00","checksum":"110598818384"} _2librisxl |
||
| 887 |
_a{"@id":"chpkxtkj419xx46","modified":"2018-01-08T12:50:23+01:00","checksum":"95817922340"} _2librisxl |
||
| 887 |
_a{"@id":"kpvmsz7q0s0m47z","modified":"2003-12-03T15:10:25+01:00","checksum":"99295617613"} _2librisxl |
||
| 887 |
_a{"@id":"37d34m783b5rtl7","modified":"2017-08-09T16:31:53+02:00","checksum":"105303654655"} _2librisxl |
||
| 887 |
_a{"@id":"nszsmz8t5csx1f0","modified":"2005-09-21T12:35:06+02:00","checksum":"107995222372"} _2librisxl |
||
| 887 |
_a{"@id":"v05s53d15fvwgvp","modified":"2018-01-04T10:24:10+01:00","checksum":"148184627029"} _2librisxl |
||
| 887 |
_a{"@id":"rw2w4xrx3wmw6sr","modified":"2016-12-16T09:31:01+01:00","checksum":"108250696562"} _2librisxl |
||
| 942 |
_2udc _cBK |
||
| 949 |
_5Ghdk _64000002646 _aIa BER _s2144 _tYNNNN |
||
| 999 |
_c1719 _d1719 |
||